Wymień top 10 największych jezior w Polsce. - Statystyki

Ogólne statystyki
  • Ten quiz został rozwiązany 89 razy
  • Średni wynik to 6 z 10
Statystyki odpowiedzi
Województwo Odpowiedź Powierzchnia % Poprawnych
Warmińsko-Mazurskie Śniardwy 113,4km 2
100%
Warmińsko-Mazurskie Mamry 102,8km 2
96%
Pomorskie Łebsko 71,4km 2
72%
Warmińsko-Mazurskie Jeziorak 32,2km 2
61%
Zachodnio-Pomorskie Dąbie 56,0km 2
60%
Kujawsko-Pomorskie Gopło 21,5km 2
60%
Warmińsko-Mazurskie Niegocin 26,0km 2
46%
Zachodnio-Pomorskie Miedwie 35,3 km 2
45%
Pomorskie Gardno 24,7km 2
42%
Zachodnio-Pomorskie Jamno 22,4km 2
40%
Nie znaleziono quizów pasujących do podanych kryteriów
Rozkład punktacji
Procent ludzi z każdym wynikiem
Percentyl według liczby udzielonych odpowiedzi
Twoja historia wyników
Nie rozwiązałeś tego quizu